00605nam a2200193Ia 4500003000400000005001700004008004100021020001800062040001800080041000800098082002100106100001900127245008400146250001500230260006700245300002000312650005600332700002300388OSt20220119114434.0210716s2012 xx 000 0 und d a9780070706576 cAIMIT LIBRARY aeng a332.12 27bROSP aRose, Peter S. aBank management and financial services :bby Peter S Rose and Sylvia C Hudgins. a7th. ed. - aNew Delhi:bTata McGraw Hill Education Private Limited,c2012. axxv,722p; 25cm. aFinancial Statements and Financial Firm Performance aHudgins, Sylvia C.